00843nam a22001577a 4500040001500000082001400015100002300029245006200052260003700114300001500151505032700166650002100493942002400514999001900538952012800557 cMCS (NUST) a005.8,SAE aSaeed, Amna935002 aSelf Healing Group Key Management Protocols /cAmna Saeed aRawalpindibMCS (NUST)cMar 2013 axiii,79 p, aIntroduction (Page-1), Group Key Management Protocols (Page-7), Analysis of Self Group Key Management Protocols (Page-29), Collusion and Rejoining Attack Problem in Self-Healing KGMP (Page-37), A Self-Healing GKMP for KLH with Resistance to Collusion and Rejoining attacks (Page-52), Conclusion and Future Works (Page-70). aPG Thesis935000 2ddccTHEk005.8,SAE c608153d608153 00102ddc4070aMCSbMCScTHEd2024-02-26l0o005.8,SAEpMCSTIS-409r2024-02-26w2024-02-26yTHEzOnly Hard Copy Available